| 000 | 00716nam a2200241 i 4500 | ||
|---|---|---|---|
| 001 | 132066 | ||
| 003 | ES-MaACL | ||
| 005 | 20251116063105.0 | ||
| 007 | t| | ||
| 008 | 070214s1965 sp |||| |dspa d | ||
| 080 | _a821.134.2-31"19" | ||
| 080 | _a929 Hitler, Adolf (0:82) | ||
| 100 | 1 |
_aRojas, Carlos, _d1928- _9161767 |
|
| 245 | 1 | 0 |
_aAdolfo Hitler está en mi casa / _cCarlos Rojas. |
| 250 | _a1ª ed. | ||
| 260 |
_aBarcelona : _bEd. Rondas, _c1965. |
||
| 300 |
_a162 p. ; _c19 cm. |
||
| 490 | 1 |
_aLos libros de marzo ; _v3 |
|
| 600 | 1 | 7 |
_aHitler, Adolf, _d1889-1945- _vNovelas _2 _9161798 |
| 830 | 0 |
_aLos libros de marzo ; _v3 _9186885 |
|
| 852 |
_aES-MaACL _jC-27693 |
||
| 999 |
_c132066 _d132066 |
||